000 00329nam a2200133Ia 4500
005 20251222143232.0
008 251222s9999||||xx |||||||||||||| ||spa||
020 _a84-7908-257-7
082 _a840.9/B44
100 _aBueno Alonso, Josefina
245 0 _aImágenes de Mujer:
264 _bUniversidad de Alicante
942 _cLIB
999 _c14234
_d14234